| 000 | 00512nam a2200193 4500 | ||
|---|---|---|---|
| 001 | 11382 | ||
| 005 | 20230410123528.0 | ||
| 008 | 060907n1999 dr spa | ||
| 020 | _a9875071390 | ||
| 035 | _9funglode11472 | ||
| 041 | _aES | ||
| 050 | 1 | 4 | _aKHA 4125 S246c 1999 |
| 100 | _aSarmiento García, Jorge | ||
| 245 | 1 |
_aConcesión de servicios públicos / _cJorge Sarmiento García |
|
| 250 | _a2 | ||
| 260 |
_aBuenos Aires : _bCiudad Argertina, _c1999 |
||
| 300 | _a415 p. | ||
| 942 |
_2lcc _cbk |
||
| 999 |
_c63266 _d63266 |
||